Statistics for Football Quiz

Click here to take the quiz!

General Stats

  • This quiz has been taken 36 times
  • The average score is 4 of 10

Answer Stats

QuestionAnswer% Correct
Who has won the world cup out of these managersLuiz Felipe Scolari
91%
Which Manager has the most Champions league winsCarlo Ancelotti
72%
What stadium hosted the UCL final 2017Millinenium Stadium
59%
Who was the manager of the France Squad 1998Aimé Jacquet
41%
One of these players wasn't part of the 1999 Manchester United Winning Squad, name itDarren Fletcher
38%
What is the record amount of goals scored in the champions league in a single season17
34%
Who won the first Ballon D'orSir Stanley Matthews
34%
Which Manager has the worst winning record in the EPL (%)Paul Jewell
28%
Who won the Ligue 1 in the 2003-04 seasonLyon
25%
How many points did Real Madrid get in the 2011/12 season100
19%

Score Distribution

Percentile by Number Answered

Percent of People with Each Score

Your Score History

You have not taken this quiz